000 00546nam a2200157 a 4500
001 000029980
005 20250502073820.0
008 110428s1980 dr 000 0 spa d
040 _aDO-SdBNP
_bspa
_cBNPHU
110 1 _aRepública Dominicana.
_bOficina Nacional de Administración y Personal
_926398
245 1 0 _aCurso de adiestramiento :
_bprogramación enero -marzo /
_cpresentación Raymundo Amaro Guzmán.
260 _aSanto Domingo :
_bONAP,
_c1980.
300 _a28 p. ;
_c21 cm.
700 1 _aAmaro Guzmán, Raymundo
_9656
049 _aBNPD
999 _c29472
_d29472